| 000 -LEADER |
| fixed length control field |
01173pab a2200181 454500 |
| 008 - FIXED-LENGTH DATA ELEMENTS--GENERAL INFORMATION |
| fixed length control field |
180718b2002 xxu||||| |||| 00| 0 eng d |
| 100 ## - MAIN ENTRY--PERSONAL NAME |
| Personal name |
Dagdeviren, Hulya |
| 245 ## - TITLE STATEMENT |
| Title |
Poverty reduction with growth and redistribution |
| 260 ## - PUBLICATION, DISTRIBUTION, ETC. |
| Date of publication, distribution, etc. |
2002 |
| 300 ## - PHYSICAL DESCRIPTION |
| Extent |
p.383-413. |
| 362 ## - DATES OF PUBLICATION AND/OR SEQUENTIAL DESIGNATION |
| Dates of publication and/or sequential designation |
Jun |
| 520 ## - SUMMARY, ETC. |
| Summary, etc. |
In the late 1990s the bilateral and multilateral development agencies placed increasing emphasis on poverty reduction in developing countries. This led to the establishment by the United Nations of the `International Development Targets' for poverty reduction. The target of poverty reduction might be achieved through faster economic growth alone, through redistribution, or through a combination of the two. This article presents an analytical framework to assess the effectiveness of growth and redistribution for poverty reduction. It concludes that redistribution, either of current income or the growth increment of income, is more effective in reducing poverty for a majority of countries than growth alone. - Reproduced. |
| 650 ## - SUBJECT ADDED ENTRY--TOPICAL TERM |
| Topical term or geographic name entry element |
Poverty |
| 700 ## - ADDED ENTRY--PERSONAL NAME |
| Personal name |
Weeks, John |
| 700 ## - ADDED ENTRY--PERSONAL NAME |
| Personal name |
Hoeven, Rolph Vander |
| 773 ## - HOST ITEM ENTRY |
| Main entry heading |
Development and Change |
| 909 ## - |
| -- |
53551 |